A TEXTBOOK OF MEDICAL BIOCHEMISTRY (Record no. 34446)

MARC details
000 -LEADER
fixed length control field 00303nam a22001337a 4500
003 - CONTROL NUMBER IDENTIFIER
control field SGT
020 ## - INTERNATIONAL STANDARD BOOK NUMBER
International Standard Book Number 9781543345025
082 ## - DEWEY DECIMAL CLASSIFICATION NUMBER
Classification number 612.015
Item number RAN
100 ## - MAIN ENTRY--PERSONAL NAME
Personal name RANDHAWA DR S.S
245 ## - TITLE STATEMENT
Title A TEXTBOOK OF MEDICAL BIOCHEMISTRY
260 ## - PUBLICATION, DISTRIBUTION, ETC. (IMPRINT)
Place of publication, distribution, etc INDIA
Name of publisher, distributor, etc PEE VEE PUB
Year of Publication 2023
300 ## - PAGE DESCRIPTION
No. of Pages 451
942 ## - ADDED ENTRY ELEMENTS (KOHA)
Source of classification or shelving scheme Dewey Decimal Classification
Koha item type Books
Holdings
Withdrawn status Lost status Source of classification or shelving scheme Damaged status Not for loan Collection code Home library Current library Shelving location Date acquired Vendor Name Cost, normal purchase price SGTU Bill Number Total Checkouts Full call number Accession No. (Barcode) Date last seen Bill Date Koha item type
    Dewey Decimal Classification     SCIENCE SGT Science & Social Sciences Library SGT Science & Social Sciences Library Text Book 25/03/2026 ABC 675.00 SGTU 22597   612.015 RAN DP1934 25/03/2026 09/03/2026 Books
    Dewey Decimal Classification     SCIENCE SGT Science & Social Sciences Library SGT Science & Social Sciences Library Text Book 25/03/2026 ABC 675.00 SGTU 22597   612.015 RAN DP1935 25/03/2026 09/03/2026 Books